000 00542nam a2200217Ia 4500
003 OSt
005 20220928143146.0
006 a|||||r|||| 00| 0
007 ta
008 220927b |||||||| |||| 00| 0 eng d
024 _a21335
037 _cTextual
040 _aSDCL
_cSDCL
_beng
041 _2eng
_aeng
082 _aE9G:3, P0
100 _aVenn Richard F
_9470695
245 0 _aPrinciples and practice of bioanalysis.
260 _c2000
942 _hE9G:3, P0
_cTEXL
_2CC
999 _c823378
_d823378